الخوارج : (Record no. 15711)
[ view plain ]
| 000 -الفاتح | |
|---|---|
| حقل البيانات ثابتة الطول | 00966nam a22002177a 4500 |
| 008 - عناصر البيانات ثابتة الطول - معلومات عامة | |
| حقل البيانات ثابتة الطول | 110720t xxu||||| |||| 00| 0 ara d |
| 020 ## - الرقم الدولى المعيارى للكتب | |
| الرقم الدولى المعيارى للكتاب | 9770223689 |
| 082 ## - رقم تصنيف ديوى العشرى | |
| رقم الطبعة | 22 |
| رقم التصنيف | 297.83 |
| رقم المادة | ن ج ا |
| 100 1# - المدخل الرئيسى - إسم شخصى | |
| 9 (RLIN) | 26353 |
| الإسم الشخصى | النجار ، عامر |
| 245 ## - بيان العنوان | |
| العنوان | الخوارج : |
| بقية العنوان | عقيدة .. وفكراً .. وفلسفة / |
| بيان المسئوليه,etc | عامر النجار |
| 250 ## - بيان الطبعة | |
| بيان الطبعة | ، ط 2 |
| بقية بيان الطبعة | مزيدة ومنقحة |
| 260 ## - PUBLICATION, DISTRIBUTION, ETC. (IMPRINT) | |
| مكان الناشر او الموزع | القاهرة : |
| اسم الناشر او الموزع | دار المعارف ،1988 |
| تاريخ النشر أو التوزيع | 1988. |
| 300 ## - الوصف المادى | |
| التعداد | 231 ص ؛ |
| أبعاد الوعاء | 24 سم. |
| 490 #0 - بيان السلسلة | |
| -- | 26354 |
| عنوان السلسلة | سلسلة دراسات فى علم الكلام |
| 504 ## - تبصرة ببليوجرافية | |
| تبصرة ببليوجرافية,الخ | يشتمل على إرجاعات ببليوجرافية ص224-228 |
| 650 ## - المدخل الاضافى بالموضوع-مصطلح موضوعى | |
| 9 (RLIN) | 26355 |
| مصطلح موضوعي أو اسم جغرافي كعنصر مدخل | عقائد الخوارج |
| 650 ## - المدخل الاضافى بالموضوع-مصطلح موضوعى | |
| 9 (RLIN) | 13294 |
| مصطلح موضوعي أو اسم جغرافي كعنصر مدخل | الفرق الإسلامية |
| 653 ## - مصطلح تكشيفى غير مقيد | |
| Resource For college | |
| Arrived date list | July2011 |
| 942 ## - عناصر المدخل الإضافي( كوها) | |
| مصدر التصنيف او مخطط الترفيف | Dewey Decimal Classification |
| Koha [default] item type | Book - Borrowing |
| حالة التراجع | حالة الفقد | مصدر التصنيف او خطة الترفيف | حالة تلف | ليس للاعارة | مجموعات كوها | المكان الدائم | المكان الحالي | موقع الترفيف | تاريخ الاكتساب | رقم الاستدعاء | الباركود | Date last seen | نوع الوعاء |
|---|---|---|---|---|---|---|---|---|---|---|---|---|---|
| Dewey Decimal Classification | Alef-Baa | Central Library | Central Library | Lower Floor | 20/07/2011 | 297.83 ن ج ا | 000023945 | 15/07/2025 | Book - Borrowing |